| 000 -CABECERA |
| Longitud fija campo de control |
00543nam a2200193 u 4500 |
| 001 - NÚMERO DE CONTROL |
| Número de control |
991061021976706706 |
| 003 - IDENTIFICADOR DEL NÚMERO DE CONTROL |
| Identificador del número de control |
OSt |
| 005 - FECHA Y HORA DE LA ÚLTIMA TRANSACCIÓN |
| Fecha y hora de la última transacción |
20230912140859.0 |
| 008 - CÓDIGOS DE INFORMACIÓN DE LONGITUD FIJA |
| Códigos de información de longitud fija |
s2021 xx r 000 0 cat d |
| 020 ## - NÚMERO INTERNACIONAL NORMALIZADO PARA LIBROS |
| Número Internacional Normalizado para Libros (ISBN) |
9788411730174 |
| 040 ## - FUENTE DE LA CATALOGACIÓN |
| Centro catalogador de origen |
CDMR |
| Lengua de catalogación |
cat |
| Centro transcriptor |
CDMR |
| 100 ## - PUNTO DE ACCESO PRINCIPAL-NOMBRE DE PERSONA |
| Nombre de persona |
Cernadas, Cèlia |
| 9 (RLIN) |
4880 |
| 245 ## - MENCIÓN DE TÍTULO |
| Título |
Fora de focus |
| Resto del título |
: La vida a les perifèries del món |
| Mención de responsabilidad, etc. |
/ Cèlia Cernadas |
| 260 ## - PUBLICACIÓN, DISTRIBUCIÓN, ETC. (PIE DE IMPRENTA) |
| Lugar de publicación, distribución, etc. |
Barcelona |
| Nombre del editor, distribuidor, etc. |
: Ara Llibres |
| Fecha de publicación, distribución, etc. |
, 2023 |
| 300 ## - DESCRIPCIÓN FÍSICA |
| Extensión |
246 p. |
| 490 ## - MENCIÓN DE SERIE |
| Mención de serie |
Ara Pausa |
| Designación de volumen o secuencia |
; 18 |
| 650 #0 - PUNTO DE ACCESO ADICIONAL DE MATERIA - TÉRMINO DE MATERIA |
| 9 (RLIN) |
797 |
| Término de materia o nombre geográfico como elemento inicial |
Reportatges literaris |
| 942 ## - ENTRADA DE ELEMENTOS AGREGADOS (KOHA) |
| Fuente de clasificaión o esquema |
|
| Koha [por defecto] tipo de item |
Monografies |